000 00502nam a2200193Ia 4500
003 GCL
008 140319s9999 xx 000 0 eng d
040 _aGCL /
_cGCL
082 0 4 _a821
_bA L
100 1 _aAUSTIN, FRANCES
245 1 0 _aTHE LANGUAGE OF THE METAPHYSICAL POETS /
_cAUSTIN, FRANCES
260 _a[S.N] :
_bMac Millan Press ،
_c1992
300 _a195 P
650 0 4 _aENGLISH POETRY
650 0 4 _aLITERATURE
650 0 4 _aHISTORY AND CRITICISM
650 0 4 _aPOETRY
942 _2ddc
_cBK
999 _c24545
_d24545